| 000 | 00684nam a22002177a 4500 | ||
|---|---|---|---|
| 003 | URS | ||
| 005 | 20250828100448.0 | ||
| 008 | 250331b ||||| |||| 00| 0 eng d | ||
| 040 | _cURS | ||
| 050 |
_aLC1034 _b.L39 1981 |
||
| 100 |
_911924 _aLazarus, Mitchell |
||
| 245 |
_aGoodbye to excellence _b: a critical look at minimum competency testing |
||
| 264 |
_aBoulder, Colo _bWestview Press _c©1981 |
||
| 336 |
_2rdaconten _atext |
||
| 337 |
_2rdamedia _aunmediated |
||
| 338 |
_2rdacarrier _avolume |
||
| 650 | 0 |
_911925 _aCompetency-based educational tests. |
|
| 650 | 0 |
_911926 _aEducation basee sur la competence _xTests. |
|
| 650 | 0 |
_911927 _aSchulleistungstest. |
|
| 942 |
_2lcc _cCR |
||
| 999 |
_c84605 _d84603 |
||